书目信息 |
| 题名: |
量子密码
|
|
| 作者: | 郭弘 , 李政宇 , 彭翔 编著 | |
| 分册: | ||
| 出版信息: | 北京 国防工业出版社 2016.11 |
|
| 页数: | 17,565页 | |
| 开本: | 24cm | |
| 丛书名: | 现代激光技术及应用丛书 | |
| 单 册: | ||
| 中图分类: | TN918.1 | |
| 科图分类: | ||
| 主题词: | 量子--密码--通信理论 | |
| 电子资源: | ||
| ISBN: | 978-7-118-11172-9 | |
| 000 | 01150nam 2200301 450 | |
| 001 | 0400004907 | |
| 005 | 20171025134725.0 | |
| 010 | @a978-7-118-11172-9@dCNY188.00 | |
| 100 | @a20170619d2016 em y0chiy50 ea | |
| 101 | 0 | @achi |
| 102 | @aCN@b110000 | |
| 105 | @aa z 001yy | |
| 106 | @ar | |
| 200 | 1 | @a量子密码@9liang zi mi ma@f郭弘,李政宇,彭翔编著 |
| 210 | @a北京@c国防工业出版社@d2016.11 | |
| 215 | @a17,565页@c图@d24cm | |
| 225 | 2 | @a现代激光技术及应用丛书 |
| 312 | @a封面英文题名:Quantum cryptography | |
| 330 | @a本书共9章,分三部分。第一部分回顾密码学发展过程特别是发展到量子密码的缘由,介绍研究量子密码所需的数学与物理基础,并概括QKD的基础知识。第二部分介绍QKD的安全性分析方法,以及针对实际系统的量子黑客攻击。第三部分介绍近年来QKD实验发展的概况,并简要介绍其他与量子密码相关的研究领域。 | |
| 461 | 0 | @12001 @a现代激光技术及应用丛书 |
| 510 | 1 | @aQuantum cryptography@zeng |
| 606 | 0 | @a量子@x密码@x通信理论 |
| 690 | @aTN918.1@v5 | |
| 701 | 0 | @a郭弘@9guo hong@4编著 |
| 701 | 0 | @a李政宇@9li zheng yu@4编著 |
| 701 | 0 | @a彭翔@9peng xiang@4编著 |
| 801 | 0 | @aCN@b91MARC@c20171025 |
| 905 | @b1039853-6@dTN918.1@f4@e177 | |
| 量子密码/郭弘,李政宇,彭翔编著.-北京:国防工业出版社,2016.11 |
| 17,565页:图;24cm.-(现代激光技术及应用丛书) |
| ISBN 978-7-118-11172-9:CNY188.00 |
| 本书共9章,分三部分。第一部分回顾密码学发展过程特别是发展到量子密码的缘由,介绍研究量子密码所需的数学与物理基础,并概括QKD的基础知识。第二部分介绍QKD的安全性分析方法,以及针对实际系统的量子黑客攻击。第三部分介绍近年来QKD实验发展的概况,并简要介绍其他与量子密码相关的研究领域。 |
| ● |
| 相关链接 |
|
|
|
|
正题名:量子密码
索取号:TN918.1/177
 
预约/预借
| 序号 | 登录号 | 条形码 | 馆藏地/架位号 | 状态 | 备注 |
| 1 | 1039853 | 210398531 | 第二样本阅览室/ [索取号:TN918.1/177] | 在馆 | |
| 2 | 1039854 | 210398540 | 第三借阅区/ [索取号:TN918.1/177] | 在馆 | |
| 3 | 1039855 | 210398559 | 第三借阅区/ [索取号:TN918.1/177] | 在馆 | |
| 4 | 1039856 | 210398568 | 密集书库-物理学院/ [索取号:TN918.1/177] | 在馆 |